| 000 -LEADER |
| fixed length control field |
00668cam a22001697a 4500 |
| 008 - FIXED-LENGTH DATA ELEMENTS--GENERAL INFORMATION |
| fixed length control field |
180718b1990 xxu||||| |||| 00| 0 eng d |
| 082 ## - DEWEY DECIMAL CLASSIFICATION NUMBER |
| Classification number |
O6203x42 H191 |
| 100 ## - MAIN ENTRY--PERSONAL NAME |
| Personal name |
Hancher, Leigh |
| 245 ## - TITLE STATEMENT |
| Title |
Regulating for competition: government, law, and the pharmaceutical industry in the United Kingdom and France |
| Statement of responsibility, etc. |
by Leigh Hancher |
| 260 ## - PUBLICATION, DISTRIBUTION, ETC. |
| Place of publication, distribution, etc. |
Oxford |
| Name of publisher, distributor, etc. |
Clarendon Press |
| Date of publication, distribution, etc. |
1990 |
| 300 ## - PHYSICAL DESCRIPTION |
| Extent |
429p. |
| 440 ## - SERIES STATEMENT/ADDED ENTRY--TITLE |
| Title |
Government-industry relations 5 |
| 650 ## - SUBJECT ADDED ENTRY--TOPICAL TERM |
| Topical term or geographic name entry element |
Drugs - Law and legislation - France |
| 650 ## - SUBJECT ADDED ENTRY--TOPICAL TERM |
| Topical term or geographic name entry element |
Pharmacy - Law and ligislation - Great Britan |
| 650 ## - SUBJECT ADDED ENTRY--TOPICAL TERM |
| Topical term or geographic name entry element |
Drugs - Law and ligislation - Great Britain |
| 650 ## - SUBJECT ADDED ENTRY--TOPICAL TERM |
| Topical term or geographic name entry element |
Pharmacy - Law and legislation - Great Britain |